[Event "OLNN 2324 Preetzer TSV - SC Königsspri"]
[Site "1"]
[Date "2023.10.22"]
[Round "1.1"]
[White "De Jong, Migchiel"]
[Black "Nedic, Dusan"]
[Result "0-1"]
[WhiteElo "2299"]
[BlackElo "2310"]
[PlyCount "76"]
[EventDate "2023.10.22"]

1. Nf3 Nf6 2. c4 g6 3. d4 Bg7 4. e3 O-O 5. Be2 c5 6. d5 e6 7. Nc3 exd5 8. cxd5 d6 9. O-O a6 10. a4 Re8 11. Nd2 Nbd7 12. Re1 b6 13. Qc2 Bb7 14. e4 Qe7 15. Nc4 b5 16. Na5 b4 17. Nd1 Bc8 18. f3 Nh5 19. Bf1 Ne5 20. Ne3 Qg5 21. Ng4 Qd8 22. Nxe5 Bxe5 23. Nc6 Bxh2+ 24. Kxh2 Qh4+ 25. Kg1 Qxe1 26. Qf2 Qxf2+ 27. Kxf2 f5 28. exf5 gxf5 29. Bg5 Kf7 30. Bc4 Bd7 31. Rh1 Kg6 32. f4 Bxc6 33. dxc6 h6 34. Rxh5 Kxh5 35. Bf7+ Kg4 36. Bxh6 Re4 37. Bd5 Rae8 38. Bxe4 fxe4 0-1

[Event "OLNN 2324 Preetzer TSV - SC Königsspri"]
[Site "1"]
[Date "2023.10.22"]
[Round "1.2"]
[White "Hourigan, Gerrit"]
[Black "Reichmann, Hendrik"]
[Result "1-0"]
[WhiteElo "2206"]
[BlackElo "2316"]
[PlyCount "61"]
[EventDate "2023.10.22"]

1. d4 Nf6 2. c4 d6 3. Nf3 g6 4. g3 Bg7 5. Bg2 O-O 6. Nc3 Nc6 7. O-O Bf5 8. b3 Ne4 9. Nd5 a5 10. Bb2 Bg4 11. h3 Bxf3 12. Bxf3 Ng5 13. Bg2 e5 14. dxe5 dxe5 15. Qd2 Ne6 16. Rad1 Ncd4 17. e3 Nf5 18. Ba3 Re8 19. Qe2 Qb8 20. Rd2 Ra6 21. Rfd1 c5 22. Nc3 Rd6 23. Bd5 Ng5 24. Bxc5 e4 25. Bxd6 Nxd6 26. Nb5 Nf5 27. Kg2 Nf3 28. Bxe4 N5h4+ 29. Kf1 Nxd2+ 30. Qxd2 Bf6 31. Nd6 1-0

[Event "OLNN 2324 Preetzer TSV - SC Königsspri"]
[Site "1"]
[Date "2023.10.22"]
[Round "1.3"]
[White "Wolf, Christoph"]
[Black "Ritscher, Jan-Paul"]
[Result "1/2-1/2"]
[WhiteElo "2169"]
[BlackElo "2246"]
[PlyCount "96"]
[EventDate "2023.10.22"]

1. e4 Nf6 2. e5 Nd5 3. c4 Nb6 4. d4 d6 5. f4 g6 6. Nc3 dxe5 7. fxe5 Bg7 8. c5 Nd5 9. Bc4 Be6 10. Qb3 Nxc3 11. bxc3 Bxc4 12. Qxc4 O-O 13. Nf3 c6 14. O-O Na6 15. Rb1 Rb8 16. e6 fxe6 17. Qxe6+ Kh8 18. Bg5 Nc7 19. Qxe7 Qc8 20. Bd2 Nd5 21. Qh4 Qd7 22. Rbe1 Rbe8 23. Rxe8 Qxe8 24. c4 Nf6 25. Ne5 Nd7 26. Nf3 Nf6 27. Re1 Qd7 28. Bh6 Re8 29. Ne5 Qc8 30. Rf1 Rf8 31. Bxg7+ Kxg7 32. h3 Qe6 33. Rb1 Qe7 34. Kh1 Qc7 35. Re1 Nh5 36. Nf3 Ng3+ 37. Kg1 Nf5 38. Qe4 h6 39. Qe5+ Qxe5 40. Rxe5 Kf6 41. Re1 Rd8 42. Re4 g5 43. Kf2 b6 44. g4 Ne7 45. cxb6 axb6 46. Re2 b5 47. cxb5 cxb5 48. Rc2 Ke6 1/2-1/2

[Event "OLNN 2324 Preetzer TSV - SC Königsspri"]
[Site "1"]
[Date "2023.10.22"]
[Round "1.4"]
[White "Hermesmann, Hans"]
[Black "Schulz, Karsten"]
[Result "0-1"]
[WhiteElo "2237"]
[BlackElo "2268"]
[PlyCount "88"]
[EventDate "2023.10.22"]

1. d4 d6 2. e4 Nf6 3. f3 e5 4. d5 Be7 5. Be3 O-O 6. Qd2 c6 7. c4 b5 8. Nc3 cxd5 9. cxd5 b4 10. Nd1 a5 11. a3 Na6 12. Ne2 Nd7 13. Nc1 Ndc5 14. Bb5 f5 15. exf5 Bxf5 16. O-O Qb6 17. Bc4 Bf6 18. Nf2 Qb7 19. g4 Bg6 20. g5 Bd8 21. f4 exf4 22. Bxf4 Bb6 23. Kg2 Qe7 24. Bxa6 Rxa6 25. axb4 Ne4 26. Nxe4 Qxe4+ 27. Kg3 Ra7 28. Ne2 Raf7 29. Nc3 Qxb4 30. Rae1 Bd4 31. Kg2 Rxf4 32. Rxf4 Rxf4 33. Qxf4 Bxc3 34. Qxb4 Bxb4 35. Re3 Bc5 36. Re1 Kf7 37. Kf3 Bf5 38. Ra1 Bb4 39. Rc1 Kg6 40. h4 h5 41. Rc7 Bg4+ 42. Ke4 Be1 43. Rc6 Bxh4 44. Rxd6+ Kxg5 0-1

[Event "OLNN 2324 Preetzer TSV - SC Königsspri"]
[Site "1"]
[Date "2023.10.22"]
[Round "1.5"]
[White "Grahl, Arvid"]
[Black "Andersen, Jens Knud"]
[Result "0-1"]
[WhiteElo "2140"]
[BlackElo "2175"]
[PlyCount "72"]
[EventDate "2023.10.22"]

1. d4 d5 2. c4 e6 3. Nc3 a6 4. Bf4 Bd6 5. Bxd6 Qxd6 6. e3 dxc4 7. Bxc4 b5 8. Bd3 Bb7 9. Nf3 Nd7 10. O-O Ngf6 11. Rc1 O-O 12. Qc2 c5 13. Ne4 Bxe4 14. Bxe4 Nxe4 15. Qxe4 c4 16. Qh4 Qb4 17. Rb1 Rac8 18. e4 Rfe8 19. h3 Qa4 20. e5 h6 21. Nd2 f5 22. g4 c3 23. bxc3 Rxc3 24. gxf5 Nxe5 25. Qe4 exf5 26. Qd5+ Nf7 27. Nf3 Qc4 28. Qxf5 Nd6 29. Qd7 Rxf3 30. Qxd6 Re6 31. Qd8+ Kh7 32. Rbc1 Rxh3 33. Kg2 Rg6+ 34. Kxh3 Qe6+ 35. Kh2 Qg4 36. Rg1 Qh5+ 0-1

[Event "OLNN 2324 Preetzer TSV - SC Königsspri"]
[Site "1"]
[Date "2023.10.22"]
[Round "1.6"]
[White "Bokelbrink, Uwe"]
[Black "Heinsohn, Wilfried"]
[Result "1-0"]
[WhiteElo "2204"]
[BlackElo "2112"]
[PlyCount "43"]
[EventDate "2023.10.22"]

1. e4 c5 2. Nf3 Nc6 3. Bb5 g6 4. Bxc6 dxc6 5. d3 Bg7 6. h3 Nf6 7. Nc3 Nd7 8. Be3 e5 9. Qd2 O-O 10. O-O-O Qe7 11. Bh6 Re8 12. Bxg7 Kxg7 13. Nh2 Nf6 14. Rhf1 Be6 15. f4 exf4 16. Qxf4 Nh5 17. Qe3 Kg8 18. Rf2 Rad8 19. Rdf1 Qd6 20. g4 Qd4 21. Qd2 Ng7 22. Nf3 1-0

[Event "OLNN 2324 Preetzer TSV - SC Königsspri"]
[Site "1"]
[Date "2023.10.22"]
[Round "1.7"]
[White "Wagner, Ralph"]
[Black "Gremmel, Jonas Simon"]
[Result "0-1"]
[WhiteElo "2134"]
[BlackElo "2056"]
[PlyCount "74"]
[EventDate "2023.10.22"]

1. d4 d5 2. c4 c6 3. cxd5 cxd5 4. Nc3 Nf6 5. Bf4 a6 6. e3 Nc6 7. Bd3 e6 8. Nf3 Bd6 9. Bxd6 Qxd6 10. Rc1 Bd7 11. O-O O-O 12. a3 Na5 13. Ne5 b5 14. f4 Rac8 15. Rf3 Nc4 16. Rh3 g6 17. Bxc4 dxc4 18. g4 Bc6 19. g5 Nd5 20. Ne4 Qe7 21. Ng4 f5 22. gxf6 Nxf6 23. Ngxf6+ Rxf6 24. Nxf6+ Qxf6 25. Qg4 Re8 26. Rh5 Bf3 27. Qh4 Qf7 28. Re5 Ba8 29. Kf2 Qb7 30. d5 b4 31. a4 c3 32. b3 Qd7 33. f5 Bxd5 34. Qxb4 Qg7 35. Qxc3 Qh6 36. Qd4 Qxh2+ 37. Ke1 Bf3 0-1

[Event "OLNN 2324 Preetzer TSV - SC Königsspri"]
[Site "1"]
[Date "2023.10.22"]
[Round "1.8"]
[White "Mix, Clemens"]
[Black "Fischer, Torsten"]
[Result "1-0"]
[WhiteElo "2038"]
[BlackElo "2026"]
[PlyCount "97"]
[EventDate "2023.10.22"]

1. d4 d5 2. c4 e6 3. Nf3 Nf6 4. g3 c6 5. Qc2 Be7 6. Bg2 O-O 7. O-O b6 8. Nc3 Nbd7 9. Nd2 Bb7 10. e4 dxc4 11. Nxc4 Ba6 12. b3 b5 13. Ne3 Rc8 14. Rd1 Qc7 15. Bb2 Nb6 16. Rac1 Qb7 17. f4 Rfd8 18. Qf2 Nbd7 19. e5 Nd5 20. Ne4 Qb6 21. a3 Bb7 22. b4 a5 23. Nc5 Qc7 24. Nxd5 exd5 25. e6 Nf8 26. exf7+ Kxf7 27. Bh3 Rb8 28. Re1 Bc8 29. Bxc8 Rbxc8 30. f5 Kg8 31. Rc2 Rd6 32. Rce2 Bf6 33. Bc1 Qf7 34. g4 h6 35. h4 Nh7 36. Bf4 Rdd8 37. bxa5 g6 38. Ne6 Re8 39. g5 hxg5 40. hxg5 Be7 41. Nc7 Rxc7 42. Bxc7 Nxg5 43. Qg3 Ne4 44. Qxg6+ Qxg6+ 45. fxg6 Bf6 46. Bb6 Ra8 47. Rc1 c5 48. dxc5 Bd4+ 49. Kg2 1-0

[Event "OLNN 2324 SK Doppelbauer Turm Kiel - SK"]
[Site "Kiel"]
[Date "2023.10.22"]
[Round "1.1"]
[White "Yakovich, Yuri"]
[Black "Beeck, Mats"]
[Result "1/2-1/2"]
[WhiteElo "2528"]
[BlackElo "2180"]
[PlyCount "47"]
[EventDate "2023.??.??"]
[WhiteTeam "SK Johanneum Eppendorf"]
[BlackTeam "SK Doppelbauer Turm Kiel"]

1. d4 Nf6 2. c4 e6 3. g3 Bb4+ 4. Nd2 O-O 5. Bg2 d5 6. Ngf3 b6 7. O-O Bb7 8. Ne5 a5 9. Qc2 c5 10. Ndf3 cxd4 11. Nxd4 Bd6 12. Nd3 Na6 13. cxd5 Bxd5 14. Bxd5 Nxd5 15. Rd1 Qf6 16. Nb5 Rac8 17. Qd2 Bb8 18. Qg5 Qxg5 19. Bxg5 h6 20. Bd2 Nc5 21. Nxc5 Rxc5 22. Nc3 Nxc3 23. Bxc3 Be5 24. Bxe5 {Weiß bietet remis.} 1/2-1/2

[Event "OLNN 2324 SK Doppelbauer Turm Kiel - SK"]
[Site "Kiel"]
[Date "2023.10.22"]
[Round "1.2"]
[White "Hebbinghaus, Holger"]
[Black "Wedberg, Tom"]
[Result "1/2-1/2"]
[WhiteElo "2223"]
[BlackElo "2377"]
[PlyCount "40"]
[EventDate "2023.??.??"]
[WhiteTeam "SK Doppelbauer Turm Kiel"]
[BlackTeam "SK Johanneum Eppendorf"]

1. c4 c5 2. g3 g6 3. Bg2 Bg7 4. Nc3 Nc6 5. Nf3 e5 6. O-O d6 7. d3 Nge7 8. a3 O-O 9. Rb1 a5 10. Bd2 Rb8 11. Ne1 Be6 12. Nc2 d5 13. cxd5 Nxd5 14. b4 axb4 15. Nxd5 Bxd5 16. Bxd5 Qxd5 17. axb4 cxb4 18. Nxb4 Nxb4 19. Rxb4 Rfc8 20. Qb3 Qxb3 1/2-1/2

[Event "OLNN 2324 SK Doppelbauer Turm Kiel - SK"]
[Site "Kiel"]
[Date "2023.10.22"]
[Round "1.3"]
[White "Wegner, Hannu"]
[Black "Callsen, Niklas"]
[Result "1-0"]
[WhiteElo "2357"]
[BlackElo "2092"]
[PlyCount "69"]
[EventDate "2023.??.??"]
[WhiteTeam "SK Johanneum Eppendorf"]
[BlackTeam "SK Doppelbauer Kiel"]

1. e4 c5 2. Nf3 d6 3. Bb5+ Nd7 4. c3 Ngf6 5. Qe2 a6 6. Ba4 e6 7. O-O Be7 8. d4 b5 9. Bc2 Bb7 10. Re1 Qc7 11. a4 O-O 12. Bg5 h6 13. Bh4 Rfe8 14. Bd3 e5 15. dxe5 Nxe5 16. Nxe5 dxe5 17. Bxf6 Bxf6 18. axb5 axb5 19. Rxa8 Rxa8 20. Bxb5 Qb6 21. Na3 Bc6 22. Bxc6 Qxc6 23. Rd1 Ra4 24. c4 Ra8 25. g3 Bd8 26. Rd5 f6 27. Qg4 Be7 28. Rd7 Bf8 29. h4 Kh8 30. h5 Kg8 31. Kg2 Kh8 32. Nb5 Ra2 33. Rc7 Qb6 34. Qc8 Kg8 35. Qe8 1-0

[Event "OLNN 2324 SK Doppelbauer Turm Kiel - SK"]
[Site "Kiel"]
[Date "2023.10.22"]
[Round "1.4"]
[White "Bülent Saglam, Bülent"]
[Black "von Gleich, Alexander"]
[Result "0-1"]
[WhiteElo "2109"]
[BlackElo "2207"]
[PlyCount "72"]
[EventDate "2023.??.??"]
[WhiteTeam "SK Doppelbauer Turm Kiel"]
[BlackTeam "SK Johanneum Eppendorf"]

1. d4 Nf6 2. c4 e6 3. Nc3 Bb4 4. e3 O-O 5. Bd3 c5 6. Nge2 d5 7. cxd5 cxd4 8. exd4 Nxd5 9. O-O Nc6 10. Be4 Nxc3 11. bxc3 Bd6 12. f4 Qc7 13. Qd3 f5 14. Bf3 Rd8 15. Kh1 Na5 16. Be3 Nc4 17. Bg1 Bd7 18. Rab1 Rab8 19. d5 e5 20. fxe5 Nxe5 21. Qd4 b6 22. a4 Re8 23. Ng3 Rbc8 24. Be2 g6 25. Ba6 Rcd8 26. a5 Ng4 27. axb6 axb6 28. Rf3 Bc5 29. d6 Qxd6 30. Qxd6 Bxd6 31. Bxb6 Rb8 32. Bc4+ Be6 33. Bxe6+ Rxe6 34. h3 Bxg3 35. hxg4 Rbxb6 36. Rbf1 f4 0-1

[Event "OLNN 2324 SK Doppelbauer Turm Kiel - SK"]
[Site "Kiel"]
[Date "2023.10.22"]
[Round "1.5"]
[White "Keyser, Robin"]
[Black "Budzyn, Matthias"]
[Result "1/2-1/2"]
[WhiteElo "2175"]
[BlackElo "2071"]
[PlyCount "151"]
[EventDate "2023.??.??"]
[WhiteTeam "SK Johanneum Eppendorf"]
[BlackTeam "SK Doppelbauer Kiel"]

1. d4 Nf6 2. c4 g6 3. g3 Bg7 4. Bg2 d5 5. cxd5 Nxd5 6. Nf3 Nb6 7. Nc3 Nc6 8. Bf4 Nd5 9. Nxd5 Qxd5 10. O-O Nxd4 11. Ne5 Qd8 12. Qa4+ b5 13. Qd1 Rb8 14. e3 f6 15. exd4 fxe5 16. dxe5 Qxd1 17. Rfxd1 Bg4 18. f3 Be6 19. Rac1 Rd8 20. Rxd8+ Kxd8 21. Bf1 Bd7 22. e6 Bxe6 23. Bxc7+ Ke8 24. Bxb5+ Bd7 25. Bc4 Bxb2 26. Rb1 Bd4+ 27. Kg2 Bf5 28. Rd1 e5 29. Bxe5 Bxe5 30. Re1 Ke7 31. Rxe5+ Kd6 32. Rd5+ Kc6 33. Ra5 Kb6 34. Rb5+ Kc6 35. Ra5 Kb6 36. Ra6+ Kb7 37. Rf6 h5 38. Bd5+ Kb8 39. Be4 Rd8 40. Bxf5 Rd2+ 41. Kh3 gxf5 42. a4 Ra2 43. Rxf5 Rxa4 44. Rxh5 a5 45. g4 Ra3 46. Rf5 a4 47. g5 Ra1 48. Ra5 Kb7 49. g6 Rg1 50. Rxa4 Rxg6 51. Rg4 Rh6+ 52. Kg3 Kc6 53. h4 Kd5 54. Rg5+ Ke6 55. Kg4 Kf7 56. h5 Ra6 57. Rb5 Ra1 58. h6 Kg6 59. Rb6+ Kh7 60. f4 Ra5 61. f5 Ra1 62. Kg5 Rg1+ 63. Kf6 Kxh6 64. Kf7+ Kh7 65. f6 Rg7+ 66. Ke8 Ra7 67. Rd6 Kg8 68. Rd5 Ra8+ 69. Ke7 Ra7+ 70. Ke6 Ra6+ 71. Kf5 Ra1 72. Rd8+ Kf7 73. Rd7+ Kf8 74. Rd5 Kf7 75. Rd7+ Kf8 76. Rd5 1/2-1/2

[Event "OLNN 2324 SK Doppelbauer Turm Kiel - SK"]
[Site "Kiel"]
[Date "2023.10.22"]
[Round "1.6"]
[White "Luckow, Rolf"]
[Black "Zart, Rüdiger"]
[Result "0-1"]
[WhiteElo "2198"]
[BlackElo "2144"]
[PlyCount "138"]
[EventDate "2023.??.??"]
[WhiteTeam "SK Doppelbauer Turm Kiel"]
[BlackTeam "SK Johanneum Eppendorf"]

1. Nf3 Nf6 2. b3 g6 3. Bb2 Bg7 4. e3 d6 5. c4 O-O 6. Be2 e5 7. Nc3 Re8 8. d3 c6 9. O-O Nbd7 10. Qc2 Nf8 11. Rfd1 h6 12. Rac1 g5 13. b4 Ng6 14. Nd2 g4 15. Nde4 Nh7 16. c5 d5 17. Nd6 Re7 18. e4 d4 19. Nb1 h5 20. Rf1 Bh6 21. Rce1 Be6 22. Nd2 b5 23. Nb3 Rc7 24. f3 Be3+ 25. Kh1 g3 26. hxg3 Qg5 27. Bc1 Bxc1 28. Rxc1 Qxg3 29. f4 Nxf4 30. Rxf4 Qxf4 31. Rf1 Qg3 32. Qd2 h4 33. Rf3 Qg5 34. Qe1 Kh8 35. Nf5 Rg8 36. Bf1 Rg6 37. Qf2 Nf6 38. Qxh4+ Qxh4+ 39. Nxh4 Rh6 40. g3 Rc8 41. Kh2 Ng4+ 42. Kg1 Ne3 43. Ng2 Nxg2 44. Bxg2 Kg7 45. Rf1 Rg6 46. Rf3 Rf6 47. Na5 Rxf3 48. Bxf3 Bxa2 49. Bg4 Rc7 50. Kf2 Kf6 51. Bd1 Be6 52. Be2 Ke7 53. Bf3 Kd7 54. g4 Rc8 55. Kg3 Kc7 56. Kh4 Rg8 57. Kh3 Rh8+ 58. Kg3 Ba2 59. Kg2 Bb1 60. Be2 Bc2 61. Kg3 Rh1 62. g5 Rg1+ 63. Kh4 a6 64. Kh5 Rh1+ 65. Kg4 Rh2 66. Bf3 Bxd3 67. Nb3 Bc4 68. Nc1 Rc2 69. Kf5 Rxc1 0-1

[Event "OLNN 2324 SK Doppelbauer Turm Kiel - SK"]
[Site "Kiel"]
[Date "2023.10.22"]
[Round "1.7"]
[White "Schroeder, Christoph"]
[Black "Petri, Alexander"]
[Result "1/2-1/2"]
[WhiteElo "2170"]
[BlackElo "2150"]
[PlyCount "99"]
[EventDate "2023.??.??"]
[WhiteTeam "SK Johanneum Eppendorf"]
[BlackTeam "SK Doppelbauer Turm Kiel"]

1. e4 c6 2. d4 d5 3. exd5 cxd5 4. c4 Nf6 5. Nc3 e6 6. c5 b6 7. b4 a5 8. Na4 axb4 9. Nxb6 Ra7 10. Nf3 Ba6 11. Qa4+ Nfd7 12. Bxa6 Rxa6 13. Qb5 Rxb6 14. cxb6 Qxb6 15. a4 bxa3 16. Qxb6 Nxb6 17. Bxa3 Bxa3 18. Rxa3 O-O 19. Ke2 N8d7 20. Rb1 Nc4 21. Ra7 Nf6 22. Nd2 Nxd2 23. Kxd2 Ne4+ 24. Ke3 h6 25. Rba1 Nd6 26. Ra8 g6 27. g4 Nc4+ 28. Kf4 g5+ 29. Kg3 Nd2 30. f3 Nb3 31. Rxf8+ Kxf8 32. Rd1 Ke7 33. h4 Kf6 34. f4 Kg6 35. fxg5 hxg5 36. h5+ Kg7 37. Kf3 Na5 38. Ra1 Nc4 39. Ra7 Nd2+ 40. Ke3 Nc4+ 41. Kd3 Nd6 42. Ke3 Nb5 43. h6+ Kxh6 44. Rxf7 Kg6 45. Re7 Kf6 46. Rh7 Nd6 47. Rh6+ Ke7 48. Rh7+ Kf6 49. Rh6+ Ke7 50. Rh7+ 1/2-1/2

[Event "OLNN 2324 SK Doppelbauer Turm Kiel - SK"]
[Site "Kiel"]
[Date "2023.10.22"]
[Round "1.8"]
[White "Rieper, Julian"]
[Black "Wenzel, Birger"]
[Result "0-1"]
[WhiteElo "2110"]
[BlackElo "2021"]
[PlyCount "122"]
[EventDate "2023.??.??"]
[WhiteTeam "SK Doppelbauer Turm Kiel"]
[BlackTeam "SK Johanneum Eppendorf"]

1. e4 c6 2. d4 d5 3. e5 Bf5 4. Nf3 e6 5. Be2 Nd7 6. Nbd2 a5 7. O-O a4 8. c4 a3 9. Qb3 axb2 10. Bxb2 Nh6 11. Ne1 Qa5 12. Bc3 Qa3 13. Nc2 Qa4 14. Ne3 Be7 15. f4 O-O 16. g4 Bg6 17. cxd5 Qxb3 18. axb3 cxd5 19. Bb5 Rxa1 20. Rxa1 Rc8 21. Bb2 Nb6 22. Ra7 Rb8 23. Kf2 Nc8 24. Ra1 Nb6 25. Rc1 f5 26. h3 Bb4 27. Nf3 Be8 28. Bxe8 Rxe8 29. Rc7 Re7 30. Rc1 Re8 31. gxf5 Nxf5 32. Nxf5 exf5 33. Rc7 Re7 34. Rc2 Re8 35. Ke3 Rc8 36. Rg2 Be7 37. Kd3 Nd7 38. Bc3 Ra8 39. Rc2 Nf8 40. Bd2 Ne6 41. h4 h5 42. Kc3 Kf8 43. Kb2 Ke8 44. b4 Kd7 45. Rc1 Bd8 46. Kb3 Bb6 47. Be3 Rh8 48. Rc2 Ra8 49. Rc1 Bd8 50. Kb2 Be7 51. Kb3 Ra6 52. Bd2 Nf8 53. Ng5 Bxg5 54. hxg5 Ne6 55. Be3 g6 56. b5 Ra5 57. Kb4 Ra2 58. b6 Rb2+ 59. Ka5 Rb3 60. Bd2 Rd3 61. Bb4 Rxd4 0-1

[Event "OLNN 2324 TV Fischbek - Hamburger SK II"]
[Site "?"]
[Date "2023.10.22"]
[Round "1.1"]
[White "Gaede, Derek"]
[Black "de Voogt, Juergen"]
[Result "1/2-1/2"]
[WhiteElo "2282"]
[BlackElo "2252"]
[PlyCount "120"]
[EventDate "2023.??.??"]

1. d4 g6 2. e4 Bg7 3. Nf3 d6 4. Bd3 Nd7 5. O-O e5 6. c3 Ngf6 7. Nbd2 O-O 8. Re1 c6 9. b3 Qc7 10. Ba3 Rd8 11. Nc4 Ne8 12. Qe2 a5 13. Red1 b5 14. Ne3 Qb6 15. d5 Bb7 16. c4 cxd5 17. Nxd5 Bxd5 18. cxd5 b4 19. Bc1 Nc7 20. Be3 Nc5 21. Rdc1 a4 22. Nd2 axb3 23. Nxb3 Bf8 24. h4 Ra3 25. Qc2 N7a6 26. Rab1 Qb7 27. Bxa6 Qxa6 28. Bxc5 Rc8 29. Qc4 dxc5 30. Rb2 Rxa2 31. Rxa2 Qxa2 32. Ra1 Qb2 33. Ra7 Qc3 34. Qa6 Qxb3 35. Qxc8 Qb1+ 36. Kh2 Qxe4 37. Ra8 Qxh4+ 38. Kg1 Qe7 39. Rb8 Kg7 40. g3 Qd6 41. Ra8 b3 42. Rb8 b2 43. Rxb2 Qxd5 44. Rb8 Qd6 45. Qe8 Qe7 46. Qa4 Qe6 47. Qa8 Be7 48. Rg8+ Kf6 49. Qh1 Qg4 50. Qxh7 Qd1+ 51. Kg2 Qd5+ 52. Kh2 Qf3 53. Qh4+ Ke6 54. Qc4+ Kf6 55. Kg1 e4 56. Qd5 Qd3 57. Qc6+ Kg5 58. Rh8 e3 59. Qf3 exf2+ 60. Qxf2 Qd4 1/2-1/2

[Event "OLNN 2324 TV Fischbek - Hamburger SK II"]
[Site "?"]
[Date "2023.10.22"]
[Round "1.2"]
[White "Kneip, Jakob"]
[Black "Brinkmann, Fabian"]
[Result "1-0"]
[WhiteElo "2133"]
[BlackElo "2172"]
[PlyCount "63"]
[EventDate "2023.??.??"]

1. e4 c6 2. d4 d5 3. Nd2 dxe4 4. Nxe4 Bf5 5. Ng3 Bg6 6. h4 h6 7. Nf3 Nd7 8. h5 Bh7 9. Bd3 Bxd3 10. Qxd3 e6 11. Bd2 Ngf6 12. O-O-O Be7 13. Kb1 c5 14. Ne4 Nxe4 15. Qxe4 Qb6 16. d5 exd5 17. Qxd5 Bf6 18. Rhe1+ Kf8 19. Bc1 Rd8 20. Qe4 Qc7 21. g4 Kg8 22. Ng1 Nf8 23. Rxd8 Bxd8 24. f4 Qd7 25. f5 Bh4 26. Re2 Bf6 27. Nf3 Qc7 28. Bf4 Qb6 29. c4 g5 30. hxg6 fxg6 31. Qd5+ Kg7 32. Ne5 1-0

[Event "OLNN 2324 TV Fischbek - Hamburger SK II"]
[Site "?"]
[Date "2023.10.22"]
[Round "1.3"]
[White "Avdic, Faris"]
[Black "Rolf, Marco"]
[Result "1-0"]
[WhiteElo "2106"]
[BlackElo "2056"]
[PlyCount "77"]
[EventDate "2023.??.??"]

1. d4 d5 2. c4 c6 3. Nc3 dxc4 4. e3 b5 5. a4 b4 6. Nb1 Ba6 7. Nf3 Nf6 8. Ne5 Qd5 9. Be2 Qxg2 10. Bf3 Qh3 11. Nd2 c3 12. Nb3 e6 13. bxc3 Nd5 14. c4 Nc3 15. Bg4 Qg2 16. Qf3 Qxf3 17. Bxf3 Bd6 18. Na5 O-O 19. Nexc6 Nxc6 20. Bxc6 Rac8 21. Bb5 Bxb5 22. axb5 e5 23. d5 Bc5 24. Nc6 Rfe8 25. Bb2 f5 26. Bxc3 bxc3 27. Ke2 f4 28. Rhd1 Rc7 29. d6 Rd7 30. Rd5 Bxd6 31. c5 Re6 32. cxd6 Rexd6 33. Rxd6 Rxd6 34. Nxa7 Rd2+ 35. Kf3 fxe3 36. Kxe3 Rb2 37. Rc1 Ra2 38. b6 Rb2 39. Nc8 1-0

[Event "OLNN 2324 TV Fischbek - Hamburger SK II"]
[Site "?"]
[Date "2023.10.22"]
[Round "1.4"]
[White "Brandt, Carina"]
[Black "Hinrichs, Lars"]
[Result "1/2-1/2"]
[WhiteElo "2058"]
[BlackElo "2244"]
[PlyCount "98"]
[EventDate "2023.??.??"]

1. e4 e6 2. d4 d5 3. Nc3 Nf6 4. e5 Nfd7 5. f4 c5 6. Nf3 Nc6 7. Be3 Be7 8. Qd2 O-O 9. dxc5 Qa5 10. O-O-O b6 11. Bb5 Nb4 12. a3 bxc5 13. Kb1 Rb8 14. axb4 cxb4 15. Nxd5 exd5 16. Bxd7 Bxd7 17. Qxd5 Qxd5 18. Rxd5 Bc6 19. Ra5 Rfc8 20. Rc1 Bd8 21. Rxa7 Be4 22. b3 Rc3 23. Bd4 Rxb3+ 24. Ka2 Ra3+ 25. Rxa3 bxa3 26. c4 h6 27. c5 Bd5+ 28. Kxa3 Ra8+ 29. Kb4 Ra2 30. c6 Rxg2 31. Ne1 Rd2 32. Kc5 Be4 33. Rc4 Bc7 34. Ra4 Rd1 35. Bc3 Rd5+ 36. Kc4 Rd8 37. Ra6 g5 38. fxg5 hxg5 39. Bd4 f5 40. exf6 Bxh2 41. Ra7 Bxc6 42. Rg7+ Kf8 43. Bc5+ Bd6 44. Nd3 Bd5+ 45. Kd4 Bf7 46. Ke4 Bxc5 47. Nxc5 Rd5 48. Rxf7+ Kxf7 49. Kxd5 Kxf6 1/2-1/2

[Event "OLNN 2324 TV Fischbek - Hamburger SK II"]
[Site "?"]
[Date "2023.10.22"]
[Round "1.5"]
[White "Zieher, Hartmut"]
[Black "Schneider, Alexander"]
[Result "1/2-1/2"]
[WhiteElo "2113"]
[BlackElo "2085"]
[PlyCount "134"]
[EventDate "2023.??.??"]

1. e4 c5 2. Nf3 Nc6 3. d4 cxd4 4. Nxd4 Nf6 5. Nc3 e5 6. Ndb5 d6 7. Bg5 a6 8. Na3 b5 9. Nd5 Be7 10. Bxf6 Bxf6 11. c3 O-O 12. Nc2 Bg5 13. a4 bxa4 14. Rxa4 a5 15. Bc4 Rb8 16. b3 Kh8 17. O-O f5 18. exf5 Bxf5 19. Nce3 Bxe3 20. Nxe3 Bg6 21. Qd5 Qc7 22. Rd1 Rfd8 23. h3 Rd7 24. Bb5 Ne7 25. Qc4 Qxc4 26. bxc4 Rdd8 27. Rxa5 Be4 28. Ra7 Ng8 29. Ra6 d5 30. Re6 d4 31. Rxe5 dxe3 32. Rxd8 Rxd8 33. Rxe4 Rd1+ 34. Kh2 exf2 35. c5 f1=Q 36. Bxf1 Rxf1 37. c6 Rf8 38. Kg3 Rc8 39. Re6 Nf6 40. Kf4 Kg8 41. Ke5 Kf7 42. c4 Ng8 43. Kd6 Rxc6+ 44. Kxc6 Kxe6 45. c5 Ne7+ 46. Kc7 h5 47. Kd8 h4 48. Ke8 g5 49. Kf8 Kf6 50. Ke8 Nd5 51. Kd7 Ke5 52. c6 Kf4 53. Kd6 Ke4 54. Ke6 Nc7+ 55. Kf6 Kf4 56. Kg6 Nd5 57. Kh6 Kf5 58. Kg7 g4 59. hxg4+ Kxg4 60. Kh6 Nc7 61. Kg6 Kf4 62. Kh5 Kg3 63. Kg5 Ne6+ 64. Kh5 Nf4+ 65. Kg5 Nd5 66. Kh5 Nf4+ 67. Kg5 Ne6+ 1/2-1/2

[Event "OLNN 2324 TV Fischbek - Hamburger SK II"]
[Site "?"]
[Date "2023.10.22"]
[Round "1.6"]
[White "Peters, Thomas"]
[Black "Schumacher, Norbert"]
[Result "0-1"]
[WhiteElo "1907"]
[BlackElo "2120"]
[PlyCount "160"]
[EventDate "2023.??.??"]

1. Nc3 c5 2. Nf3 g6 3. d4 cxd4 4. Nxd4 Bg7 5. g3 Nc6 6. Be3 Nf6 7. Bg2 Ng4 8. Nxc6 Nxe3 9. Nxd8 Nxd1 10. Nxd1 Kxd8 11. c4 Rb8 12. Rc1 d6 13. Nc3 Bg4 14. b3 Kd7 15. h3 Be6 16. O-O Rhc8 17. Nd5 Ke8 18. Rc2 Bf5 19. e4 Bd7 20. Rfc1 b6 21. h4 Bh6 22. f4 Bg7 23. Bf3 e6 24. Nc3 Ke7 25. Ne2 Rc7 26. Rd2 b5 27. cxb5 Rxc1+ 28. Nxc1 Rc8 29. Ne2 Bxb5 30. Kf2 a5 31. Ng1 Bc3 32. Rd1 Bb4 33. a4 Ba6 34. Ne2 Bc5+ 35. Kg2 Be3 36. Nd4 Rc3 37. Be2 Bxe2 38. Nxe2 Rxb3 39. Ra1 d5 40. Nc1 Rc3 41. Ne2 Rc4 42. e5 Kd7 43. Kf3 Bb6 44. h5 gxh5 45. Rh1 Rxa4 46. Rxh5 Re4 47. Rxh7 Re3+ 48. Kf2 Rxe5+ 49. Ke1 Rf5 50. g4 Rf6 51. g5 Rg6 52. Rxf7+ Kd6 53. Rh7 Rg8 54. Kd2 Bc5 55. Nc3 Rf8 56. Rh4 Bb4 57. Kd3 Kc6 58. Ne2 Kd6 59. Nd4 a4 60. g6 a3 61. f5 a2 62. Nc2 Bc3 63. Ra4 a1=Q 64. Nxa1 Bxa1 65. Rxa1 Rxf5 66. Rg1 Rf8 67. g7 Rg8 68. Kd4 e5+ 69. Ke3 Ke6 70. Rg6+ Kf5 71. Rg1 Kf6 72. Rd1 d4+ 73. Ke4 Rxg7 74. Ra1 Rg4+ 75. Kd5 d3 76. Rf1+ Rf4 77. Re1 Rd4+ 78. Kc5 d2 79. Rd1 Ke6 80. Kc6 e4 0-1

[Event "OLNN 2324 TV Fischbek - Hamburger SK II"]
[Site "?"]
[Date "2023.10.22"]
[Round "1.7"]
[White "Schellhorn, Wolfgang"]
[Black "Egelriede, Nikolas"]
[Result "0-1"]
[WhiteElo "2105"]
[BlackElo "1793"]
[PlyCount "74"]
[EventDate "2023.??.??"]

1. e4 d5 2. exd5 Qxd5 3. Nc3 Qd6 4. d4 Nf6 5. Nge2 a6 6. Bf4 Qd8 7. Ng3 e6 8. Be2 Nc6 9. Be5 Be7 10. Bf3 Nxe5 11. dxe5 Qxd1+ 12. Bxd1 Nd7 13. f4 Nb6 14. Bf3 c6 15. O-O-O Nd5 16. Nge2 b5 17. Ne4 Bb7 18. Kb1 O-O-O 19. Rd3 c5 20. c4 bxc4 21. Ra3 Nb4 22. Rc1 Bxe4+ 23. Bxe4 Rd2 24. Ng3 Rhd8 25. Rxc4 R8d4 26. Rc1 Rf2 27. f5 Rdd2 28. Rb3 a5 29. fxe6 fxe6 30. a3 Nd5 31. Bf3 a4 32. Rb5 Nc7 33. Bb7+ Kb8 34. Rb6 Ka7 35. Rb4 cxb4 36. Rxc7 Rxb2+ 37. Kc1 Bg5+ 0-1

[Event "OLNN 2324 TV Fischbek - Hamburger SK II"]
[Site "?"]
[Date "2023.10.22"]
[Round "1.8"]
[White "Sural, Ceren"]
[Black "Hubert, Charlotte"]
[Result "1-0"]
[WhiteElo "1614"]
[BlackElo "1850"]
[PlyCount "81"]
[EventDate "2023.??.??"]

1. d4 Nf6 2. Nf3 e6 3. e3 d5 4. Bd3 c5 5. b3 Bd6 6. Bb2 b6 7. Qe2 Bb7 8. Nbd2 Nc6 9. O-O O-O 10. Ne5 Nb4 11. f4 Nxd3 12. cxd3 Rc8 13. Ndf3 Ba6 14. Qd1 b5 15. dxc5 Bxc5 16. Nd4 Qd6 17. Ng4 Nxg4 18. Qxg4 Bxd4 19. Bxd4 f6 20. b4 Rf7 21. Bc5 Qd7 22. Rf3 Bb7 23. Rh3 a6 24. Qh4 g6 25. Rf1 a5 26. a3 axb4 27. axb4 Ra8 28. d4 Qd8 29. Qh6 Rg7 30. Rhf3 Bc6 31. Rc1 Qe8 32. Qh4 Rf7 33. Rf2 Ra3 34. Qg3 Qa8 35. Rfc2 Bb7 36. Bb6 Kg7 37. Qe1 Ra2 38. Rc7 Rxc7 39. Rxc7+ Kg8 40. Ba5 Bc6 41. Qh4 1-0